Bollywood King - 2 - Statistics

General Stats
  • This quiz has been taken 335 times
  • The average score is 5 of 12
Answer Stats
Hint Answer % Correct
Wake up Sid Mumbai
76%
Kahaani Kolkata
64%
Happy New Year Dubai
63%
Yeh Jawani Hai Deewani Manali
54%
Dil Chahta Hai Goa
51%
Haider Kashmir
51%
Dilwale Dulhania Le Jayenge Switzerland
43%
NH10 Delhi
42%
Madrass Cafe Sri Lanka
18%
Table No 21 Fiji
10%
Race 2 Turkey
7%
Roar Sundarban
1%
No matching quizzes found
Score Distribution
Percent of People with Each Score
Percentile by Number Answered
Your Score History
You have not taken this quiz